Real Madrid Players - Sudden Death - Statistics

General Stats
  • This quiz has been taken 5,905 times
  • The average score is 11 of 15
Answers on the Grid
Answers color-coded by a green-red scale on the quiz's grid according to % correct below.
Alfredo Di Stéfano
Ángel Di María
Antoine Griezmann
Ashley Cole
Clarence Seedorf
Cristiano Ronaldo
Dani Alves
Dani Olmo
David Beckham
David de Gea
David Silva
Diego Maradona
Emmanuel Adebayor
Eric Cantona
Éver Banega
Francesco Totti
Frenkie de Jong
Hugo Sánchez
Iker Casillas
Jan Oblak
Karim Benzema
Koke
Lionel Messi
Luka Modrić
Marco Verratti
Mario Götze
Mario Mandžukić
Mark van Bommel
Nemanja Vidić
Neymar
Nigel de Jong
Pablo Aimar
Paul Pogba
Pelé
Pepe
Phillip Cocu
Radamel Falcao
Raúl
Ricardo Arias
Rivaldo
Rodri
Ronaldinho
Santi Cazorla
Sergio Ramos
Steven Gerrard
Víctor Valdés
Vinícius Júnior
Zinedine Zidane
 
Answer Stats
Answer % Correct
Cristiano Ronaldo
92%
Ángel Di María
91%
Alfredo Di Stéfano
88%
David Beckham
87%
Iker Casillas
80%
Karim Benzema
80%
Luka Modrić
80%
Vinícius Júnior
72%
Zinedine Zidane
71%
Sergio Ramos
70%
Pepe
69%
Raúl
68%
Clarence Seedorf
61%
Hugo Sánchez
53%
Emmanuel Adebayor
48%
No matching quizzes found
Score Distribution
Percent of People with Each Score
Percentile by Number Answered
Your Score History
You have not taken this quiz